000 00460nam a2200181Ia 4500
001 13361
005 20260306164755.0
008 260306t2015||||xx |||||||||||||| ||spa||
041 _aESP
082 _a001.42
_bY958
100 _aYnoub, Roxana
_eAUT
245 0 _aCuestión de método:
_baportes para una metodología crítica
260 _c2015
300 _axxii, 393 páginas :
_c24 cm.
650 _aGEN
654 _aCHU
942 _cLIB
_dJUS
_fJUS
_2ddc
_n
999 _c13361
_d13361